The mortal instruments- character description - Statistics

General Stats
  • This quiz has been taken 289 times
  • The average score is 7 of 10
Answer Stats
Question Answer % Correct
Asian, spiked colorful and glittery and black hair (warlock) magnus bane
95%
black hair, blue eyes, pale, tall (shadowhunter) alec lightwood
93%
tall, dark brown eyes, long black hair (shadowhunter) isabelle lightwood
86%
dark brown hair, creamed coffee coloured eyes. (daylighter) simon lewis
86%
long red hair that is usually in a twist, and still carries scars (was a shadowhunter) (madien name) jocelyn fairchild
73%
tall, light blond, black eyes. (shdowhunter) (father to the main) valentine morgenstern
73%
curly brown hair, light brown skin, amber eyes. (werewolf) maia roberts
67%
tall, light blond, black eyes. (shdowhunter) (real name) jonathan christopher morgenstern
56%
short, red hair, bad temper (shadowhunter) clary fray
39%
Gold like a lion (shadowhunter) (adoptive name) Jace Lightwood
35%
No matching quizzes found
Score Distribution
Percent of People with Each Score
Percentile by Number Answered
Your Score History
You have not taken this quiz